La administración pública como instrumento del desarrollo. (Record no. 51601)
[ view plain ]
| 000 -LEADER | |
|---|---|
| fixed length control field | 01184cam a22002771 4500 |
| 001 - CONTROL NUMBER | |
| control field | pa 67000007 |
| 003 - CONTROL NUMBER IDENTIFIER | |
| control field | DLC |
| 005 - DATE AND TIME OF LATEST TRANSACTION | |
| control field | 20260227111857.0 |
| 008 - FIXED-LENGTH DATA ELEMENTS--GENERAL INFORMATION | |
| fixed length control field | 801106m19661999dcu 000 0 spa c |
| 010 ## - LIBRARY OF CONGRESS CONTROL NUMBER | |
| LC control number | pa 67000007 |
| 035 ## - SYSTEM CONTROL NUMBER | |
| System control number | (OCoLC)6905372 |
| 040 ## - CATALOGING SOURCE | |
| Original cataloging agency | Pan American Union Library |
| Transcribing agency | NNR |
| Modifying agency | NNR |
| -- | DLC |
| 042 ## - AUTHENTICATION CODE | |
| Authentication code | premarc |
| 050 00 - LIBRARY OF CONGRESS CALL NUMBER | |
| Classification number | HC125 |
| Item number | .P29 |
| 082 ## - DEWEY DECIMAL CLASSIFICATION NUMBER | |
| Classification number | 309.18 |
| 110 2# - MAIN ENTRY--CORPORATE NAME | |
| Corporate name or jurisdiction name as entry element | Pan American Union. |
| Subordinate unit | Department of Economic Affairs. |
| 245 13 - TITLE STATEMENT | |
| Title | La administración pública como instrumento del desarrollo. |
| 260 ## - PUBLICATION, DISTRIBUTION, ETC. | |
| Place of publication, distribution, etc. | Washington, |
| Name of publisher, distributor, etc. | Departamento de Asuntos Económicos de la Unión Panamericana, |
| Date of publication, distribution, etc. | 1966- |
| 300 ## - PHYSICAL DESCRIPTION | |
| Extent | v. |
| Dimensions | 28 cm. |
| 500 ## - GENERAL NOTE | |
| General note | On cover: Administración para el desarrollo. |
| 505 0# - FORMATTED CONTENTS NOTE | |
| Formatted contents note | [1] Bolivia, por O. Gandarillas V.--[2] Chile, por H. Zunino Zunino.--[3] Colombia, por C. Ramírez Cardona.--[4] Nicaragua, por A. Borge de la Rocha.--[5] Panama, por D. Amado.--[6] Peru, por L. Quiñe Arista y A. Acuña Carpio.--[7] Uruguay, por L. M. Moris. |
| 651 #0 - SUBJECT ADDED ENTRY--GEOGRAPHIC NAME | |
| Geographic name | Latin America |
| General subdivision | Economic policy. |
| 651 #0 - SUBJECT ADDED ENTRY--GEOGRAPHIC NAME | |
| Geographic name | Latin America |
| General subdivision | Politics and government. |
| 651 #0 - SUBJECT ADDED ENTRY--GEOGRAPHIC NAME | |
| Geographic name | Latin America |
| General subdivision | Social policy. |
| 740 0# - ADDED ENTRY--UNCONTROLLED RELATED/ANALYTICAL TITLE | |
| Uncontrolled related/analytical title | Administración para el desarrollo. |
No items available.